Tornadoes Containing the Highest Tornadic Wind Gusts Observed by Radar - Statistics

General Stats
  • This quiz has been taken 33 times
  • The average score is 3 of 8
Answer Stats
Observed Wind Gust Answer % Correct
321 MPH 1999 Bridge Creek-Moore, OK F5
100%
313 MPH 2013 El Reno-Union City, OK EF3
87%
309 MPH 2024 Greenfield, IA EF4
57%
295.5 MPH 2011 Hinton-Calumet-El Reno-Piedmont, OK EF5
52%
280 MPH 1991 Ceres-Red Rock, OK F4
9%
264 MPH 1998 Spencer, SD F4
9%
257 MPH 1999 Cimarron City-Mulhall-Perry, OK F4
4%
264 MPH 2013 Bennington, KS EF3
4%
No matching quizzes found
Score Distribution
Percent of People with Each Score
Percentile by Number Answered
Your Score History
You have not taken this quiz